|
|
|
|
| LEADER |
01489nam a2200301 u 4500 |
| 001 |
10096150 |
| 003 |
upatras |
| 005 |
20231023121557.0 |
| 008 |
120201s 2gr gre |
| 020 |
|
|
|a 9600802416
|
| 040 |
|
|
|a GR-PaULI
|c GR-PaULI
|
| 041 |
0 |
|
|a gre
|
| 082 |
0 |
4 |
|a 307.76
|
| 100 |
1 |
|
|a Μητούλα, Ρόιδω
|4 aut
|9 21382
|
| 245 |
1 |
0 |
|a Συνθήκες διαμόρφωσης της σύγχρονης ελληνικής πόλης
|c Ρόϊδω Μητούλα.
|
| 260 |
|
|
|a Αθήνα
|b Ι. Σιδέρης
|b Ινστιτούτο Δημοκρατίας Κωνσταντίνος Καραμανλής
|c 2001
|
| 300 |
|
|
|a 238 σ.
|c 21 εκ.
|
| 490 |
0 |
|
|a Μελέτες Πολιτικής Οικονομίας και Διπλωματίας
|v 4
|
| 504 |
|
|
|a Περιέχει βιβλιογραφία
|
| 650 |
|
4 |
|a Αστική ανάπτυξη
|z Ελλάδα
|9 93470
|
| 650 |
|
4 |
|a Πολεοδομία
|z Ελλάδα
|9 3652
|
| 650 |
|
4 |
|a Πόλεις και κωμοπόλεις
|z Ελλάδα
|9 8638
|
| 760 |
1 |
|
|a Μελέτες Πολιτικής Οικονομίας και Διπλωματίας
|g 4
|
| 852 |
|
|
|a GR-PaULI
|b ΠΑΤΡΑ
|b ΑΡΧΙΤΕΚΤΟΝΙΚΗ
|k ΑΣΧΕ-2
|h 307.76 ΜΗΤ
|m 007695
|p 025000181343
|t 1
|
| 942 |
|
|
|2 ddc
|c BK15
|
| 952 |
|
|
|0 0
|1 0
|4 0
|6 307_760000000000000_ΜΗΤ
|7 0
|9 106993
|a ARCH
|b ARCH
|d 2016-04-24
|i 007695
|l 1
|m 1
|o 307.76 ΜΗΤ
|p 025000181343
|r 2016-06-27 00:00:00
|s 2016-06-17
|t 1
|w 2016-04-24
|y BK15
|
| 998 |
|
|
|c ΛΟΤΣΑΡΗ
|d 2012-02
|
| 999 |
|
|
|c 71953
|d 71953
|